000
00332nam a22001457a 4500
008
190129b xxu||||| |||| 00| 0 eng d
020
_a
1-800232-2224
041
_a
eng
080
_a
371
082
_a
371
100
_a
25
101
_a
EDU
245
_a
Reading Comprehension LP C
_c
Bracio F.Patriccio
942
_2
udc
_c
BK
999
_c
53841
_d
53841